000
00267nam a2200109Ia 4500
005
20251222143139.0
008
251222s9999||||xx |||||||||||||| ||spa||
082
_a
370.176/P14
100
_a
Padilla Colonio, FalĂș
245
0
_a
Estrategias de Aprendizaje
942
_c
LIB
999
_c
12232
_d
12232